| 000 | 00331nam a2200133Ia 4500 | ||
|---|---|---|---|
| 005 | 20260328101508.0 | ||
| 008 | 260328s9999||||xx |||||||||||||| ||und|| | ||
| 100 | _aHouvet, Etienne | ||
| 245 | 0 |
_aMonographie de la Catedrale de Chartres / _cEtienne Houvet |
|
| 260 | _bHouvet | ||
| 300 | _a124 p. | ||
| 650 | _aHISTORIA | ||
| 942 | _cBK | ||
| 999 |
_c9094 _d9094 |
||